Gobierno eclesiástico pacífico, 1656: Selecciones

Zapisane w:
Opis bibliograficzny
1. autor: Villarroel, Gaspar de (Autor)
Format: Książka
Język:hiszpański
Wydane: Quito Imprenta del Ministerio de Gobierno 1943
Wydanie:1a. ed
Seria:Clásicos ecuatorianos, I
Hasła przedmiotowe:
Etykiety: Dodaj etykietę
Nie ma etykietki, Dołącz pierwszą etykiete!

MARC

LEADER 00000nam a2200000 a 4500
001 UCJ4439
003 CL-VaPUC
008 070124e19430000EC |||||||||||||||||spa|d
082 0 4 |a 262.9  |b VIL  |2 21 
100 0 |a Villarroel, Gaspar de  |e author  |9 316412 
245 1 0 |a Gobierno eclesiástico pacífico, 1656: Selecciones 
250 |a 1a. ed 
300 |a xxxiii, 304 p 
942 |c BK 
945 |d 20070124 00:00:00  |a rinostro 
260 |a Quito  |b Imprenta del Ministerio de Gobierno  |c 1943 
500 |a Trozos escogidos de la obra Gobierno Eclesiástico Pacífico, y Unión de los dos Cuchillos, Pontificio y Regio, cuya edición de 1738 se encuentra en esta biblioteca 
600 0 7 |a ZALDUMBIDE, GONZALO  |2 CL-VaPUC  |9 508122 
650 0 |a Iglesia Católica  |9 256114 
650 7 |a DERECHO CANONICO  |2 CL-VaPUC  |9 508123 
650 0 |a Teología pastoral   |9 257832 
650 7 |a INSTITUCIONES COLONIALES  |2 CL-VaPUC  |9 389426 
650 0 |a Colonización española  |9 256592 
650 0 |a Administración eclesiástica  |9 323988 
650 0 |a Terremotos  |9 267728 
650 7 |a DOCUMENTOS  |2 CL-VaPUC  |9 366450 
650 7 |a BIOGRAFIA  |2 CL-VaPUC  |9 504622 
650 7 |a CRITICA HISTORICA  |2 CL-VaPUC  |9 508124 
651 7 |a CHILE  |2 CL-VaPUC  |9 508125 
651 0 |a Perú  |9 256567 
651 0 |a Santiago  |9 265444 
651 7 |a LIMA  |2 CL-VaPUC  |9 350186 
583 |a last modification  |c 20070124 00:00:00  |k Rodrigo Vera 
490 0 |a Clásicos ecuatorianos, I 
999 |c 320555  |d 320553 
952 |0 0  |1 0  |4 0  |6 262_900000000000000_VIL_1943  |7 0  |8 X  |9 399100  |a FDOBUD  |b FDOBUD  |d 2019-11-22  |i 1018264  |o 262.9 VIL 1943  |p 1018264  |r 2019-11-22  |w 2019-11-22  |y BK_X  |k BUD